000 02358nam0a2200301 4500
001 RU\NLR\BIBL_A\010854528
005 20260405145508.0
035 _a(NLR Aleph) 010854528
090 _a10389986
_c10389986
100 _a20151002d2000 |||y0rusy50 ca
101 0 _arus
102 _aRU
105 _ay|||z|||100zy
200 1 _aРоссия и НАТО после Балканского кризиса
_eматериалы международной научной конференции, проходившей в Нижегородском государственном университете им. Н.И. Лобачевского 17-18 ноября 1999 года
_f[под общ. ред. акад. О.А. Колобова]
210 _aНижний Новгород
_cННГУ
_d2000
215 _a112 с.
_d20
300 _aВ надзаг.: М-во здравоохранения Рос. Федерации, Нижегор. гос. ун-т им. Н.И. Лобачевского, Ин-т стратег. исслед., Центр изучения проблем мира и разрешения конфликтов, Программа американских исследований, Программа европейских исследований
320 _aБиблиогр. в примеч. в конце ст.
606 1 _aМеждународные отношения
_jСъезды, совещания и т.п
_z20 - 21 вв.
_92288371
_3RU\NLR\AUTH\661370626
606 1 _aБалканский вопрос
_jСъезды, совещания и т.п
_z1991 -
_92126967
_3RU\NLR\AUTH\661283726
686 1 _aТ3(476)63я431
686 1 _aТ3(0)63-6я431
702 1 _4340
_8rus
_7ca
_aКолобов
_bО. А.
_f1948-
_gОлег Алексеевич
_3RU\NLR\AUTH\7760917
_943847
711 1 2 _a"Россия и НАТО после Балканского кризиса", международная научная конференция
_eНижний Новгород
_f1999
_9486307
_3RU\NLR\AUTH\880410284
942 _cBOOK
980 _aNB